000 00376nam a22001697a 4500
003 OSt
005 20260429130331.0
008 260429b |||||||| |||| 00| 0 eng d
020 _a9789376563555
082 _a954.92 SYB
100 _aSYED,MH
245 _aBhagat Singh
250 _a1st Ed
260 _aNagpur
_bHimalaya Books
_c2026
300 _a279
942 _2ddc
_cREF
999 _c13922
_d13922